| 000 | 00851cam a2200241 a 4500 | ||
|---|---|---|---|
| 001 | 000019105 | ||
| 005 | 20200929165926.0 | ||
| 008 | 820222s1943 mx a 000 1 spa d | ||
| 040 |
_aDO-SdBNP _bspa _cLC _dBNPHU |
||
| 042 | _apremarc | ||
| 050 | 0 | 0 |
_aPQ7297.L615 _bT5 |
| 082 |
_ann* _bnn* |
||
| 100 | 1 |
_aLópez Bermúdez, José. _941110 |
|
| 245 | 1 | 0 |
_aTierra y sueño : _bparabolas / _cJosé López Bermúdez ; poema Pablo Neruda y prólogo Antonio Caso ; dibujos Julio Prieto y Rafael Muñoz López. |
| 260 |
_aMéxico, D. F. : _b[Talleres de Adrián Morales], _c1943. |
||
| 300 |
_a[123] p. : _bil. ; _c24 cm. |
||
| 700 | 1 |
_aNeruda, Pablo. _941111 |
|
| 700 | 1 |
_aCaso, Antonio, _epról. _941112 |
|
| 700 | 1 |
_aPrieto, Julio, _eill. _941113 |
|
| 700 | 1 |
_aMuñoz López, Rafael, _eill. _941114 |
|
| 910 | _aCatalogación derivada / LC | ||
| 049 | _aBNGR | ||
| 999 |
_c18623 _d18623 |
||